Proceedings of the Twenty Fourth Annual Meeting of the Punjab Christian Cou (Record no. 2542)

MARC details
000 -LEADER
fixed length control field 00683nam a2200241 a 4500
020 ## - INTERNATIONAL STANDARD BOOK NUMBER
ISBN
082 00 - DEWEY DECIMAL CLASSIFICATION NUMBER
Classification number 275.4
Author Cutter RAM
100 ## - MAIN ENTRY--AUTHOR NAME
Author name Ram, Rallia
245 ## - TITLE STATEMENT
Title Proceedings of the Twenty Fourth Annual Meeting of the Punjab Christian Cou
260 ## - PUBLICATION, DISTRIBUTION, ETC. (IMPRINT)
Place of publication Lahore
Name of publisher Punjab Christian Council
Year of publication 1936
300 ## - PHYSICAL DESCRIPTION
Number of Pages 60p
500 ## - GENERAL NOTE
General note includes index and biblioraphy
505 2# - FORMATTED CONTENTS NOTE
Formatted contents note Conference Held at May 29th-31st, 1952, Vol.Xlil.No.4.Muslim World.
650 ## - SUBJECT ADDED ENTRY--TOPICAL TERM
Topical Term Christianity-India
942 ## - ADDED ENTRY ELEMENTS (KOHA)
Koha item type Books
700 1# -
-- Ram, Rallia
Holdings
Home library Current library Date acquired Cost, normal purchase price Full call number Accession Number Koha item type
Henry Martyn Institute Library Henry Martyn Institute Library 07/19/2007 100.00 275.4 RAM 4880 Archive Book
                   Copyright © 2026 | Henry Martyn Institute | Hyderabad | TS-500052 | INDIA | Implemented by hmi.edu.in
Hit-Count:

Powered by Koha